Aide-mémoire du voyagueur (Record no. 156537)

MARC details
000 -LEADER
campo de control de longitud fija 00912nam a22001935i 4500
001 - NÚMERO DE CONTROL
campo de control 156537
003 - IDENTIFICADOR DE NÚMERO DE CONTROL
campo de control ES-MaACL
005 - FECHA Y HORA DE LA ÚLTIMA TRANSACCIÓN
campo de control 20250815062539.0
008 - DATOS DE LONGITUD FIJA--INFORMACIÓN GENERAL
campo de control de longitud fija 040802s1881 sz a |||| | fre d
040 ## - FUENTE DE CATALOGACIÓN
Centro catalogador/agencia de origen CAM
Lengua de catalogación spa
Centro/agencia transcriptor CAM
100 1# - ENTRADA PRINCIPAL--NOMBRE DE PERSONA
Nombre de persona Kaltbrunner, David.
9 (RLIN) 128423
245 10 - MENCIÓN DEL TÍTULO
Título Aide-mémoire du voyagueur
Resto del título : notions générales de géographie mathématique, de géographie physique, de géographie politique, de géologie, de biologie et d'anthropologie a l'usage des voyageurs, des étudents et des gens du monde /
Mención de responsabilidad, etc. par D. Kaltbrunner.
260 ## - PUBLICACIÓN, DISTRIBUCIÓN, ETC.
Lugar de publicación, distribución, etc. Zurich [etc] :
Nombre del editor, distribuidor, etc. J. Wurster & c\pie\s éditeurs [etc],
Fecha de publicación, distribución, etc. 1881 (
Lugar de fabricación/manufactura Frauenfeld :
Fabricante Imprimerie J. Huber)
300 ## - DESCRIPCIÓN FÍSICA
Extensión XII,525 p., XXV h. de lám. ;
Dimensiones 21 cm.
599 ## - NOTA A LAS ILUSTRACIONES
NOTA A LAS ILUSTRACIONES Las h. de lám. mapas a doble pag. a color.
650 #7 - PUNTO DE ACCESO ADICIONAL DE MATERIA--TÉRMINO DE MATERIA
Término de materia o nombre geográfico como elemento de entrada Geografía
Fuente del encabezamiento o término embne
9 (RLIN) 13070
852 ## - LOCALIZACIÓN
Ubicación ES-MaACL
Número de control de estantería G-5924
Nota libre -- Enc. tela
-- -- Legado de M. de la Fuente
Holdings
Estatus retirado Estado de pérdida Estado de daño No para préstamo Colección Biblioteca de origen Biblioteca actual Ubicación en estantería Fecha de adquisición Fuente de adquisición Total de préstamos Signatura topográfica completa Código de barras Visto por última vez Precio de reemplazo Tipo de ítem Koha
        Libros del s. XIX Biblioteca del Ateneo de Madrid Biblioteca del Ateneo de Madrid Depósito 2 17/01/2008     G-5924 1163773 23/02/2023 23/02/2023 Libro impreso antiguo